Normal view
MARC view
Entry Personal Name
001 - CONTROL NUMBER
- control field: 383443
003 - CONTROL NUMBER IDENTIFIER
- control field: OSt
005 - DATE AND TIME OF LATEST TRANSACTION
- control field: 20220927112242.0
008 - FIXED-LENGTH DATA ELEMENTS
- fixed length control field: 220927|| aca||aabn | a|a d
040 ## - CATALOGING SOURCE
- Original cataloging agency: OSt
- Transcribing agency: OSt
100 ## - HEADING--PERSONAL NAME
- Personal name: Keneya
670 ## - SOURCE DATA FOUND
- Source citation: Work cat.: (OSt)700011: Keneya 383442, Colonical report Keneya 1952-55
